[Event "19. Obert Int. Sant Marti 2017 - B"]
[Site "Barcelona ESP"]
[Date "2017.07.17"]
[Round "5.5"]
[White "Prieto Velasco, Rafael"]
[Black "Aarav, Dengla"]
[Result "1/2-1/2"]
[WhiteElo "1772"]
[BlackElo "1177"]
[PlyCount "39"]
[EventDate "2017.07.13"]
[EventType "swiss"]
[EventRounds "9"]
[EventCountry "ESP"]
[SourceTitle "Ajedrez en Madrid"]
[Source "lmi"]
[SourceDate "2017.07.13"]
[SourceVersion "1"]
[SourceVersionDate "2019.06.21"]
[SourceQuality "1"]

1. d4 d5 2. c4 c6 3. Nc3 Nf6 4. e3 Bf5 5. cxd5 cxd5 6. Qb3 Bc8 7. Nf3 Nc6 8.
Bd3 e6 9. O-O Be7 10. Bd2 O-O 11. Rac1 Na5 12. Qd1 Bd7 13. Ne5 Nc6 14. f4 Rc8
15. Qe2 Qb6 16. Kh1 Nb4 17. Bb1 Nc6 18. Bd3 Nb4 19. Bb1 Nc6 20. Bd3 1/2-1/2

[Event "19. Obert Int. Sant Marti 2017 - B"]
[Site "Barcelona ESP"]
[Date "2017.07.17"]
[Round "5.6"]
[White "Delgadillo Torrico, Felipe"]
[Black "Bieg Pagel, Clemens"]
[Result "1-0"]
[WhiteElo "1943"]
[BlackElo "1812"]
[PlyCount "115"]
[EventDate "2017.07.13"]
[EventType "swiss"]
[EventRounds "9"]
[EventCountry "ESP"]
[SourceTitle "Ajedrez en Madrid"]
[Source "lmi"]
[SourceDate "2017.07.13"]
[SourceVersion "1"]
[SourceVersionDate "2019.06.21"]
[SourceQuality "1"]

1. e4 e5 2. Nf3 Nc6 3. Bc4 Nf6 4. d3 Be7 5. Nc3 d6 6. h3 Na5 7. Bb3 Nxb3 8.
axb3 c5 9. O-O O-O 10. Nh2 d5 11. Bg5 d4 12. Ne2 b5 13. f4 Nd7 14. Bxe7 Qxe7
15. fxe5 Nxe5 16. Nf3 b4 17. Qe1 Bd7 18. Qg3 Nxf3+ 19. Qxf3 a5 20. Ng3 Ra6 21.
Nf5 Qe5 22. Qg4 Kh8 23. Qg3 Qxg3 24. Nxg3 Kg8 25. Ra2 Rfa8 26. Rfa1 f6 27. Nh5
a4 28. bxa4 Rxa4 29. Rxa4 Rxa4 30. Rc1 Ra2 31. b3 Kf7 32. Kf2 g5 33. g4 Ke6 34.
Ke2 Ke5 35. Kf3 Be8 36. Ng3 Bd7 37. Nf5 h5 38. gxh5 Bxf5 39. exf5 Kxf5 40. Kg3
Ke6 41. h4 gxh4+ 42. Kxh4 Kf7 43. Kg4 Ra8 44. Rh1 Rg8+ 45. Kf3 Rg5 46. h6 Kg8
47. h7+ Kh8 48. Rh6 Rg7 49. Rxf6 Rxh7 50. Rf5 Rc7 51. Ke4 Kg7 52. Kd5 Kg6 53.
Kd6 Kxf5 54. Kxc7 Kf4 55. Kc6 Ke3 56. Kxc5 Kd2 57. Kxd4 Kxc2 58. Kc4 1-0

[Event "19. Obert Int. Sant Marti 2017 - B"]
[Site "Barcelona ESP"]
[Date "2017.07.17"]
[Round "5.7"]
[White "Majumdar, Shankar"]
[Black "Robaina Bordon, Hector"]
[Result "1-0"]
[WhiteElo "1934"]
[BlackElo "1805"]
[PlyCount "113"]
[EventDate "2017.07.13"]
[EventType "swiss"]
[EventRounds "9"]
[EventCountry "ESP"]
[SourceTitle "Ajedrez en Madrid"]
[Source "lmi"]
[SourceDate "2017.07.13"]
[SourceVersion "1"]
[SourceVersionDate "2019.06.21"]
[SourceQuality "1"]

1. d4 d5 2. Nf3 Nf6 3. c3 c6 4. Bf4 Bf5 5. Nbd2 e6 6. h3 h6 7. Ne5 Nbd7 8. e3
Nxe5 9. Bxe5 Bd6 10. Nf3 Bxe5 11. Nxe5 Qb6 12. Qb3 Qxb3 13. axb3 Bc2 14. Ra3
O-O 15. Be2 Ne4 16. b4 Nd6 17. Kd2 Bh7 18. f3 f6 19. Nd7 Rfe8 20. b3 Rad8 21.
Nc5 a6 22. Re1 Re7 23. Raa1 e5 24. Bf1 Rde8 25. Rac1 exd4 26. exd4 Kf8 27. Rxe7
Rxe7 28. Re1 Bf5 29. Rxe7 Kxe7 30. c4 Be6 31. Kc3 Bf7 32. g4 h5 33. b5 axb5 34.
cxb5 hxg4 35. hxg4 cxb5 36. Kb4 Be8 37. Ka5 Bc6 38. Kb6 g6 39. Bd3 g5 40. Be2
Nc8+ 41. Kc7 Nd6 42. Bd3 Ne8+ 43. Kb6 Nd6 44. Bg6 Nc8+ 45. Kc7 Nd6 46. Nd3 b4
47. Kb6 Nb5 48. Kc5 Kd7 49. Nxb4 b6+ 50. Kxb6 Nxd4 51. Nxc6 Nxc6 52. Kc5 Ne7
53. Bf5+ Kc7 54. Be6 Ng6 55. Bxd5 Ne5 56. Be4 Nd7+ 57. Kd5 1-0

[Event "19. Obert Int. Sant Marti 2017 - B"]
[Site "Barcelona ESP"]
[Date "2017.07.17"]
[Round "5.8"]
[White "Gallego Montes, Antoni"]
[Black "Martinez Buendia, Andres"]
[Result "0-1"]
[WhiteElo "1908"]
[BlackElo "1804"]
[PlyCount "80"]
[EventDate "2017.07.13"]
[EventType "swiss"]
[EventRounds "9"]
[EventCountry "ESP"]
[SourceTitle "Ajedrez en Madrid"]
[Source "lmi"]
[SourceDate "2017.07.13"]
[SourceVersion "1"]
[SourceVersionDate "2019.06.21"]
[SourceQuality "1"]

1. e4 c5 2. Nf3 d6 3. c3 g6 4. d4 cxd4 5. Qxd4 Nf6 6. e5 Nc6 7. Bb5 Nh5 8. Be3
Bd7 9. Bxc6 Bxc6 10. exd6 Bg7 11. Qb4 Qxd6 12. Qxd6 exd6 13. Nbd2 a5 14. O-O-O
b5 15. Rhe1 O-O 16. g4 Nf6 17. h3 b4 18. Bd4 bxc3 19. Bxc3 Rfc8 20. Kb1 a4 21.
Nd4 Nd5 22. Nxc6 Nxc3+ 23. bxc3 Rxc6 24. Ne4 Be5 25. Kc2 f5 26. gxf5 gxf5 27.
f4 Bxf4 28. Rf1 fxe4 29. Rxf4 Rac8 30. Rg1+ Kh8 31. Rg3 d5 32. Kb2 a3+ 33. Kb3
Rb6+ 34. Kc2 Rb2+ 35. Kd1 Rxa2 36. Rf5 Rb8 37. Kc1 Ra1+ 38. Kd2 a2 39. Rf7 Rh1
40. Rgg7 Rh2+ 0-1

[Event "19. Obert Int. Sant Marti 2017 - B"]
[Site "Barcelona ESP"]
[Date "2017.07.17"]
[Round "5.9"]
[White "Cespedes, Sandra"]
[Black "Hinarejos Montano, Andres"]
[Result "0-1"]
[WhiteElo "1814"]
[BlackElo "1607"]
[PlyCount "134"]
[EventDate "2017.07.13"]
[EventType "swiss"]
[EventRounds "9"]
[EventCountry "ESP"]
[SourceTitle "Ajedrez en Madrid"]
[Source "lmi"]
[SourceDate "2017.07.13"]
[SourceVersion "1"]
[SourceVersionDate "2019.06.21"]
[SourceQuality "1"]

1. e4 e5 2. Nf3 d6 3. Bc4 Be7 4. Nc3 Nf6 5. d3 O-O 6. h3 Nc6 7. Bg5 Na5 8. Bb5
c6 9. Ba4 b5 10. Bb3 Nxb3 11. axb3 Bd7 12. Be3 a5 13. O-O Ne8 14. d4 exd4 15.
Qxd4 c5 16. Qd2 Bc6 17. Nd5 Bxd5 18. Qxd5 Nc7 19. Qd3 b4 20. Rfd1 Qc8 21. Bf4
Rd8 22. Qe2 Ne6 23. Bg3 Qc6 24. Ra4 Ng5 25. Nd2 Ne6 26. Nc4 Nd4 27. Qd3 d5 28.
exd5 Rxd5 29. Qe4 Qe6 30. Re1 Rad8 31. Rxa5 Qxe4 32. Rxe4 Bf6 33. Bc7 Rf8 34.
Ne3 Rd7 35. Rxc5 Ne6 36. Rf5 Nxc7 37. Rxb4 Bxb2 38. Rb7 Rfd8 39. Rc5 Ne6 40.
Rxd7 Rxd7 41. Rc8+ Rd8 42. Rc4 g6 43. Kf1 Bd4 44. Ng4 Bg7 45. Ke1 h5 46. Ne3
Bh6 47. Ke2 f5 48. g3 f4 49. gxf4 Nxf4+ 50. Kf3 Nxh3 51. Nf1 Rf8+ 52. Kg3 Nxf2
53. Kg2 Ng4 54. Kg3 Rxf1 55. Rc8+ Bf8 56. c4 Kg7 57. c5 Rb1 58. Rc7+ Kh6 59.
Rc8 Rxb3+ 60. Kf4 Be7 61. Ke4 Rc3 62. Kd5 Rxc5+ 63. Rxc5 Bxc5 64. Kxc5 Kg5 65.
Kd4 Kf4 66. Kd3 Kg3 67. Ke2 Kg2 0-1

[Event "19. Obert Int. Sant Marti 2017 - B"]
[Site "Barcelona ESP"]
[Date "2017.07.17"]
[Round "5.11"]
[White "Varela Cuadrado, Cesar"]
[Black "Bernat, Ernest"]
[Result "1/2-1/2"]
[WhiteElo "1770"]
[BlackElo "1889"]
[PlyCount "85"]
[EventDate "2017.07.13"]
[EventType "swiss"]
[EventRounds "9"]
[EventCountry "ESP"]
[SourceTitle "Ajedrez en Madrid"]
[Source "lmi"]
[SourceDate "2017.07.13"]
[SourceVersion "1"]
[SourceVersionDate "2019.06.21"]
[SourceQuality "1"]

1. e4 c5 2. Nf3 Nc6 3. d4 cxd4 4. Nxd4 Nf6 5. Nc3 e5 6. Ndb5 d6 7. Bg5 a6 8.
Na3 b5 9. Nd5 Be7 10. Bxf6 Bxf6 11. c3 O-O 12. Nc2 Bg5 13. a4 bxa4 14. Rxa4 Ne7
15. Bc4 Bb7 16. Ncb4 a5 17. Nxe7+ Bxe7 18. Nd5 Bxd5 19. Qxd5 Rc8 20. O-O Rc5
21. Qd3 Kh8 22. b4 axb4 23. cxb4 Rc8 24. Rfa1 Qc7 25. b5 Qc5 26. g3 Bd8 27. Qd5
Bb6 28. Qxc5 Bxc5 29. Bd5 f5 30. Be6 Rb8 31. exf5 Rxb5 32. Ra8 Rbb8 33. Bd5
Rxa8 34. Rxa8 Rxa8 35. Bxa8 Kg8 36. Bd5+ Kf8 37. Kg2 Ke7 38. g4 Kf6 39. h4 h6
40. Kg3 Ba3 41. Be6 Bb4 42. Bd5 Bd2 43. Kf3 1/2-1/2

[Event "19. Obert Int. Sant Marti 2017 - B"]
[Site "Barcelona ESP"]
[Date "2017.07.17"]
[Round "5.12"]
[White "Serra Vilaro, Agustin"]
[Black "Garcia Quevedo, Jose"]
[Result "0-1"]
[WhiteElo "1770"]
[BlackElo "1882"]
[PlyCount "76"]
[EventDate "2017.07.13"]
[EventType "swiss"]
[EventRounds "9"]
[EventCountry "ESP"]
[SourceTitle "Ajedrez en Madrid"]
[Source "lmi"]
[SourceDate "2017.07.13"]
[SourceVersion "1"]
[SourceVersionDate "2019.06.21"]
[SourceQuality "1"]

1. d4 Nf6 2. c3 e6 3. Nd2 c5 4. e3 Nc6 5. f4 b6 6. Bd3 Bb7 7. Ngf3 g6 8. O-O
Bg7 9. Qe2 cxd4 10. exd4 O-O 11. b3 Rc8 12. Ba3 Re8 13. Nc4 Bf8 14. Nd6 Bxd6
15. Bxd6 Ne7 16. Rac1 Nf5 17. Ba3 Nd5 18. Qd2 Qc7 19. Ne5 d6 20. Ng4 h5 21. c4
hxg4 22. cxd5 Qe7 23. dxe6 fxe6 24. Bb5 Red8 25. Rce1 Bd5 26. Bb2 Kf7 27. g3
Rh8 28. Re2 Rh3 29. Bc4 Nxg3 30. hxg3 Rxg3+ 31. Kf2 Rf3+ 32. Ke1 Qh4+ 33. Ref2
g3 34. Rxf3 Bxf3 35. Bxe6+ Kxe6 36. Qe3+ Kd7 37. Kd2 Qh2+ 38. Kd3 Qc2# 0-1

[Event "19. Obert Int. Sant Marti 2017 - B"]
[Site "Barcelona ESP"]
[Date "2017.07.17"]
[Round "5.13"]
[White "David, Dorian-Ciprian"]
[Black "Colom Andres, Xavier"]
[Result "1-0"]
[WhiteElo "1768"]
[BlackElo "1874"]
[PlyCount "75"]
[EventDate "2017.07.13"]
[EventType "swiss"]
[EventRounds "9"]
[EventCountry "ESP"]
[SourceTitle "Ajedrez en Madrid"]
[Source "lmi"]
[SourceDate "2017.07.13"]
[SourceVersion "1"]
[SourceVersionDate "2019.06.21"]
[SourceQuality "1"]

1. b4 e5 2. a3 d5 3. Bb2 Nd7 4. e3 Ngf6 5. Nf3 Bd6 6. c4 e4 7. Nd4 a5 8. Nf5
Be5 9. Nc3 axb4 10. axb4 Rxa1 11. Bxa1 O-O 12. cxd5 Nb6 13. Ng3 Bg4 14. Qb1
Nbxd5 15. Ngxe4 Nxe4 16. Qxe4 Bxc3 17. Bxc3 Bh5 18. Qd4 Nxc3 19. Qxc3 Qg5 20.
h3 c6 21. g4 Qd5 22. Rg1 Bg6 23. Bg2 Qa2 24. Ke2 h5 25. gxh5 Bxh5+ 26. Bf3
Bxf3+ 27. Kxf3 Qd5+ 28. Ke2 g6 29. Qc5 Rd8 30. Qxd5 Rxd5 31. Rg4 Kg7 32. Rd4
Rxd4 33. exd4 f5 34. Kd3 Kf6 35. Kc4 g5 36. d5 g4 37. hxg4 fxg4 38. dxc6 1-0

[Event "19. Obert Int. Sant Marti 2017 - B"]
[Site "Barcelona ESP"]
[Date "2017.07.17"]
[Round "5.14"]
[White "Siludakis, Hernan"]
[Black "Chandrasekhar, M K."]
[Result "1/2-1/2"]
[WhiteElo "1874"]
[BlackElo "1794"]
[PlyCount "51"]
[EventDate "2017.07.13"]
[EventType "swiss"]
[EventRounds "9"]
[EventCountry "ESP"]
[SourceTitle "Ajedrez en Madrid"]
[Source "lmi"]
[SourceDate "2017.07.13"]
[SourceVersion "1"]
[SourceVersionDate "2019.06.21"]
[SourceQuality "1"]

1. Nf3 d5 2. g3 Nf6 3. Bg2 c6 4. O-O Bf5 5. d3 e6 6. Nbd2 Nbd7 7. Re1 Nb8 8. c4
Be7 9. cxd5 exd5 10. Nf1 O-O 11. Bf4 h6 12. Qd2 Na6 13. a3 Nc5 14. Nd4 Bc8 15.
b4 Ne6 16. Be5 Ng4 17. Nf3 Nxe5 18. Nxe5 Bf6 19. d4 Qb6 20. e3 a5 21. Nd3 axb4
22. axb4 Bd7 23. h3 Rfd8 24. Nh2 Be7 25. Nf3 Ng5 26. h4 1/2-1/2

[Event "19. Obert Int. Sant Marti 2017 - B"]
[Site "Barcelona ESP"]
[Date "2017.07.17"]
[Round "5.15"]
[White "Rodriguez Isern, Bernat"]
[Black "Madrid Sole, Antonio"]
[Result "1-0"]
[WhiteElo "1864"]
[BlackElo "1772"]
[PlyCount "93"]
[EventDate "2017.07.13"]
[EventType "swiss"]
[EventRounds "9"]
[EventCountry "ESP"]
[SourceTitle "Ajedrez en Madrid"]
[Source "lmi"]
[SourceDate "2017.07.13"]
[SourceVersion "1"]
[SourceVersionDate "2019.06.21"]
[SourceQuality "1"]

1. d4 d5 2. Nf3 Nf6 3. e3 e6 4. Bd3 c5 5. b3 Nc6 6. c3 Bd6 7. Nbd2 b6 8. O-O
cxd4 9. cxd4 Bb7 10. a3 O-O 11. Bb2 Rc8 12. Ne5 Ne7 13. Qe2 Ng6 14. f4 Ne4 15.
Nxe4 dxe4 16. Bc4 Ne7 17. Rac1 Nd5 18. f5 exf5 19. Rxf5 g6 20. Rf2 Bxe5 21.
dxe5 Qg5 22. Rcf1 b5 23. Bxd5 Bxd5 24. Qxb5 Be6 25. Bd4 Rb8 26. Qc6 Rxb3 27.
Qxe4 Qe7 28. Qc6 Rc8 29. Qd6 Qb7 30. Rf6 Rb1 31. h3 Rxf1+ 32. Rxf1 Qe4 33. Bc5
Qc2 34. Bd4 a5 35. Rf2 Qe4 36. Kh2 a4 37. Bc5 Re8 38. Qd4 Qc6 39. Bd6 Rd8 40.
Qh4 Rxd6 41. exd6 Qxd6+ 42. Qf4 Qxa3 43. Qb8+ Kg7 44. Qe5+ Kf8 45. Rb2 Bb3 46.
Rd2 Be6 47. Qf6 1-0

[Event "19. Obert Int. Sant Marti 2017 - B"]
[Site "Barcelona ESP"]
[Date "2017.07.17"]
[Round "5.16"]
[White "Gil Gil, Antoni"]
[Black "Anjali, R. Sagar"]
[Result "1-0"]
[WhiteElo "1823"]
[BlackElo "1724"]
[PlyCount "53"]
[EventDate "2017.07.13"]
[EventType "swiss"]
[EventRounds "9"]
[EventCountry "ESP"]
[SourceTitle "Ajedrez en Madrid"]
[Source "lmi"]
[SourceDate "2017.07.13"]
[SourceVersion "1"]
[SourceVersionDate "2019.06.21"]
[SourceQuality "1"]

1. e4 e5 2. f4 d5 3. exd5 exf4 4. Nf3 Bd6 5. Bc4 Nf6 6. O-O O-O 7. d4 Bg4 8.
Bb3 c5 9. c4 Nbd7 10. Kh1 Nh5 11. Nc3 cxd4 12. Ne4 Ne5 13. c5 Bxc5 14. Nxc5
Ng3+ 15. hxg3 Bxf3 16. Rxf3 Nxf3 17. Qxf3 Qc7 18. Ne4 fxg3 19. d6 Qc6 20. Bf4
Rae8 21. Bd5 Qb5 22. Bxg3 Kh8 23. Ng5 d3 24. d7 Qxd7 25. Nxf7+ Rxf7 26. Qxf7
Qb5 27. a4 1-0

[Event "19. Obert Int. Sant Marti 2017 - B"]
[Site "Barcelona ESP"]
[Date "2017.07.17"]
[Round "5.17"]
[White "Pena Mor, David"]
[Black "Perez Garcia, Francisco Jose"]
[Result "1-0"]
[WhiteElo "1764"]
[BlackElo "1814"]
[PlyCount "67"]
[EventDate "2017.07.13"]
[EventType "swiss"]
[EventRounds "9"]
[EventCountry "ESP"]
[SourceTitle "Ajedrez en Madrid"]
[Source "lmi"]
[SourceDate "2017.07.13"]
[SourceVersion "1"]
[SourceVersionDate "2019.06.21"]
[SourceQuality "1"]

1. d4 Nf6 2. c4 e6 3. Nc3 b6 4. e4 d6 5. Bg5 Be7 6. Nf3 O-O 7. Bd3 Nfd7 8. Bxe7
Qxe7 9. e5 Bb7 10. O-O dxe5 11. dxe5 Rd8 12. Re1 Nc6 13. Qb1 h6 14. a3 Na5 15.
Be4 Bxe4 16. Qxe4 Qc5 17. Rac1 Qxc4 18. b4 Qxe4 19. Nxe4 Nb7 20. Rxc7 Rab8 21.
h4 a5 22. Rd1 Nf8 23. Rxd8 Nxd8 24. Nd6 axb4 25. axb4 Ng6 26. g3 Kf8 27. h5 Ne7
28. Nd4 Nd5 29. Rc4 Ke7 30. b5 Kd7 31. Nc6 Nxc6 32. bxc6+ Kc7 33. Nb5+ Kc8 34.
c7 1-0

[Event "19. Obert Int. Sant Marti 2017 - B"]
[Site "Barcelona ESP"]
[Date "2017.07.17"]
[Round "5.18"]
[White "Munoz Lozano, Jorge Manuel"]
[Black "Atul, Kumar"]
[Result "0-1"]
[WhiteElo "1759"]
[BlackElo "1907"]
[PlyCount "66"]
[EventDate "2017.07.13"]
[EventType "swiss"]
[EventRounds "9"]
[EventCountry "ESP"]
[SourceTitle "Ajedrez en Madrid"]
[Source "lmi"]
[SourceDate "2017.07.13"]
[SourceVersion "1"]
[SourceVersionDate "2019.06.21"]
[SourceQuality "1"]

1. g3 g6 2. Bg2 Bg7 3. d3 c5 4. e4 Nc6 5. Nh3 Nf6 6. O-O O-O 7. f4 d6 8. Nd2
Rb8 9. Nf2 Bd7 10. a4 a6 11. Nc4 b5 12. Ne3 Ne8 13. g4 Nc7 14. g5 f6 15. f5
fxg5 16. fxg6 hxg6 17. c3 Ne6 18. Nd5 Nf4 19. Nxf4 gxf4 20. Nh3 e5 21. Qf3 Qh4
22. Bd2 Bg4 23. Qf2 Qh5 24. axb5 axb5 25. Nxf4 exf4 26. e5 Nxe5 27. Bd5+ Kh8
28. Qe1 Bf3 29. Rxf3 Nxf3+ 30. Bxf3 Qxf3 31. Qh4+ Qh5 32. Qe7 f3 33. Rf1 Qg4+
0-1

[Event "19. Obert Int. Sant Marti 2017 - B"]
[Site "Barcelona ESP"]
[Date "2017.07.17"]
[Round "5.19"]
[White "Nilesh, Jindal"]
[Black "Walter Travella, German"]
[Result "0-1"]
[WhiteElo "1722"]
[BlackElo "1892"]
[PlyCount "74"]
[EventDate "2017.07.13"]
[EventType "swiss"]
[EventRounds "9"]
[EventCountry "ESP"]
[SourceTitle "Ajedrez en Madrid"]
[Source "lmi"]
[SourceDate "2017.07.13"]
[SourceVersion "1"]
[SourceVersionDate "2019.06.21"]
[SourceQuality "1"]

1. d4 d5 2. c4 dxc4 3. Nc3 e5 4. e3 Nc6 5. d5 Nb8 6. Bxc4 c6 7. Nge2 b5 8. Bb3
b4 9. Nb1 Nf6 10. dxc6 Qxd1+ 11. Bxd1 Nxc6 12. Ba4 Bb7 13. a3 a5 14. Nd2 Bd6
15. Ng3 O-O 16. Nf5 Rfd8 17. Nxd6 Rxd6 18. Nc4 Re6 19. f3 Ba6 20. b3 Nd5 21.
Bd2 Rd8 22. Kf2 Bxc4 23. Bxc6 Bxb3 24. Bxd5 Rxd5 25. Be1 Rc5 26. g4 bxa3 27.
Rxa3 a4 28. Bb4 Rc4 29. Ba5 Ra6 30. Rb1 Rc2+ 31. Kg3 h5 32. h3 h4+ 33. Kxh4 Rg2
34. g5 Bc2 35. Rb8+ Kh7 36. Rc3 Rh6+ 37. gxh6 g5+ 0-1

[Event "19. Obert Int. Sant Marti 2017 - B"]
[Site "Barcelona ESP"]
[Date "2017.07.17"]
[Round "5.20"]
[White "Gonzalez Lafita, Oscar"]
[Black "Torres Julian, Marc"]
[Result "1-0"]
[WhiteElo "1867"]
[BlackElo "1723"]
[PlyCount "119"]
[EventDate "2017.07.13"]
[EventType "swiss"]
[EventRounds "9"]
[EventCountry "ESP"]
[SourceTitle "Ajedrez en Madrid"]
[Source "lmi"]
[SourceDate "2017.07.13"]
[SourceVersion "1"]
[SourceVersionDate "2019.06.21"]
[SourceQuality "1"]

1. d4 Nf6 2. Nf3 c5 3. c3 cxd4 4. cxd4 g6 5. Bf4 Bg7 6. e3 O-O 7. Be2 d6 8. O-O
Qb6 9. Nbd2 Bd7 10. Nc4 Qd8 11. a4 b5 12. axb5 Bxb5 13. Nfd2 Nbd7 14. Na3 Bxe2
15. Qxe2 Nb6 16. Nb5 Qd7 17. Rfc1 Rfc8 18. Rxc8+ Nxc8 19. Nc3 Nh5 20. Bg5 h6
21. Bh4 g5 22. Qxh5 gxh4 23. Qxh4 Qf5 24. Qe4 Qxe4 25. Ndxe4 Nb6 26. Nb5 a5 27.
Nec3 e5 28. d5 Bf8 29. Ne4 Nxd5 30. Nexd6 f6 31. Kf1 Ra6 32. Nf5 Kf7 33. Rd1
Kg6 34. g4 Ne7 35. Nbd6 Rb6 36. Nc4 Rb4 37. Nfd6 Nc6 38. Rd2 a4 39. h3 h5 40.
f3 hxg4 41. hxg4 Rb3 42. Ke2 Na7 43. Rd3 Rb4 44. Rd2 Rb3 45. Rd5 Rb4 46. Kd3
Nc6 47. Rb5 Rxb5 48. Nxb5 f5 49. gxf5+ Kxf5 50. Nc3 Nb4+ 51. Kd2 Bh6 52. Nxa4
Nd5 53. Nc3 Nxe3 54. Nxe3+ Kf4 55. Ke2 Bf8 56. Ncd5+ Kg3 57. Nc4 Bc5 58. Nxe5
Bd4 59. Nd3 Kh4 60. b4 1-0

[Event "19. Obert Int. Sant Marti 2017 - B"]
[Site "Barcelona ESP"]
[Date "2017.07.17"]
[Round "5.22"]
[White "Julia Yebra, David"]
[Black "Aguilera Campana, Antonio"]
[Result "0-1"]
[WhiteElo "1840"]
[BlackElo "1674"]
[PlyCount "90"]
[EventDate "2017.07.13"]
[EventType "swiss"]
[EventRounds "9"]
[EventCountry "ESP"]
[SourceTitle "Ajedrez en Madrid"]
[Source "lmi"]
[SourceDate "2017.07.13"]
[SourceVersion "1"]
[SourceVersionDate "2019.06.21"]
[SourceQuality "1"]

1. c4 e5 2. Nc3 Bc5 3. e3 Nf6 4. g3 a6 5. Bg2 d6 6. Nge2 O-O 7. O-O c6 8. d4
Ba7 9. Qc2 Bg4 10. dxe5 dxe5 11. b3 Qc8 12. Ba3 Re8 13. Rad1 Bh3 14. Qc1 Bxg2
15. Kxg2 e4 16. h3 Nbd7 17. Qc2 b5 18. Rd2 Qb7 19. b4 Ne5 20. Bc1 Nxc4 21. Rdd1
Qc7 22. Nb1 Qe5 23. Na3 Nxa3 24. Bxa3 Rac8 25. Bb2 Qf5 26. Ng1 Nd5 27. Qb3 Qe6
28. Bd4 Qe7 29. Bxa7 Qxa7 30. Rd4 Qb7 31. Rc1 h6 32. Qd1 Qe7 33. a3 f5 34. Ne2
Qf7 35. Nf4 Nf6 36. h4 g5 37. hxg5 hxg5 38. Nh3 Qg7 39. Rd6 f4 40. exf4 e3 41.
Rcxc6 Rxc6 42. Rxc6 Qb7 43. Qb3+ Kg7 44. fxe3 Qxc6+ 45. Kf1 Qc4+ 0-1

[Event "19. Obert Int. Sant Marti 2017 - B"]
[Site "Barcelona ESP"]
[Date "2017.07.17"]
[Round "5.24"]
[White "Peiron Lluch, Jose Daniel"]
[Black "Hebert, Floriane"]
[Result "0-1"]
[WhiteElo "1818"]
[BlackElo "1567"]
[PlyCount "44"]
[EventDate "2017.07.13"]
[EventType "swiss"]
[EventRounds "9"]
[EventCountry "ESP"]
[SourceTitle "Ajedrez en Madrid"]
[Source "lmi"]
[SourceDate "2017.07.13"]
[SourceVersion "1"]
[SourceVersionDate "2019.06.21"]
[SourceQuality "1"]

1. d4 b6 2. e4 Bb7 3. Bd3 Nf6 4. Nc3 e6 5. Nge2 Be7 6. O-O O-O 7. Ng3 d6 8. f4
Nbd7 9. e5 Nd5 10. Qh5 g6 11. Qh6 Re8 12. f5 Bf8 13. Qh3 exf5 14. Nxf5 dxe5 15.
Nh6+ Bxh6 16. Bxh6 exd4 17. Qf3 Ne5 18. Qf2 dxc3 19. Rae1 Qd7 20. Qd4 c5 21.
Qh4 Nxd3 22. Rd1 Nxb2 0-1

[Event "19. Obert Int. Sant Marti 2017 - B"]
[Site "Barcelona ESP"]
[Date "2017.07.17"]
[Round "5.27"]
[White "Zheng, Hong Wei"]
[Black "Calafell Marques, Jose"]
[Result "1-0"]
[WhiteElo "1572"]
[BlackElo "1762"]
[PlyCount "73"]
[EventDate "2017.07.13"]
[EventType "swiss"]
[EventRounds "9"]
[EventCountry "ESP"]
[SourceTitle "Ajedrez en Madrid"]
[Source "lmi"]
[SourceDate "2017.07.13"]
[SourceVersion "1"]
[SourceVersionDate "2019.06.21"]
[SourceQuality "1"]

1. e4 c5 2. b3 Nf6 3. e5 Nd5 4. Bb2 e6 5. g3 Nc6 6. Bg2 Qc7 7. f4 d6 8. exd6
Qxd6 9. Na3 Nf6 10. Nf3 Be7 11. Qe2 O-O 12. Nc4 Qd8 13. Nfe5 Nd4 14. Qd3 Nd5
15. a3 Nf5 16. O-O f6 17. Ng4 Rb8 18. Qe4 b5 19. Nce3 Nd6 20. Qf3 Nxe3 21. Nxe3
c4 22. b4 Bb7 23. Qe2 Bxg2 24. Nxg2 Qb6+ 25. Kh1 Ne8 26. Rae1 Nc7 27. Qf2 Rfe8
28. Bd4 Qa6 29. Bxa7 Ra8 30. Bb6 Nd5 31. Bc5 Qxa3 32. Rxe6 Bxc5 33. Qxc5 Nxb4
34. Rxe8+ Rxe8 35. c3 Re2 36. Qxb5 Rxd2 37. Qe8# 1-0

[Event "19. Obert Int. Sant Marti 2017 - B"]
[Site "Barcelona ESP"]
[Date "2017.07.17"]
[Round "5.28"]
[White "Carrey Abellan, Enric"]
[Black "Pereda Villalba, Julian"]
[Result "0-1"]
[WhiteElo "1931"]
[BlackElo "1719"]
[PlyCount "86"]
[EventDate "2017.07.13"]
[EventType "swiss"]
[EventRounds "9"]
[EventCountry "ESP"]
[SourceTitle "Ajedrez en Madrid"]
[Source "lmi"]
[SourceDate "2017.07.13"]
[SourceVersion "1"]
[SourceVersionDate "2019.06.21"]
[SourceQuality "1"]

1. d4 Nf6 2. c4 d6 3. Nc3 Nbd7 4. Nf3 e6 5. e4 e5 6. d5 Be7 7. h3 Nc5 8. Qc2 a5
9. Be2 Bd7 10. Be3 b6 11. b3 Qc8 12. O-O h6 13. a3 O-O 14. b4 Nb7 15. c5 axb4
16. axb4 dxc5 17. bxc5 Bxc5 18. Bxc5 Nxc5 19. Rxa8 Qxa8 20. Nxe5 Qc8 21. Nxd7
Qxd7 22. Rd1 Qe7 23. Bf3 Re8 24. Re1 Qe5 25. Re3 Ra8 26. g3 Ne8 27. Kg2 Nd6 28.
Ne2 f6 29. Nf4 Qa1 30. Ne6 Ra2 31. Qc3 Qxc3 32. Rxc3 Nxe6 33. dxe6 Ra7 34. Bh5
Kf8 35. Re3 Ke7 36. e5 fxe5 37. Rxe5 Ra5 38. Rxa5 bxa5 39. Bd1 Kxe6 40. Kf1 Kd5
41. Ke2 Kd4 42. f3 Nb5 43. Kd2 Nc3 0-1

[Event "19. Obert Int. Sant Marti 2017 - B"]
[Site "Barcelona ESP"]
[Date "2017.07.17"]
[Round "5.29"]
[White "Vicente Soriano, Josep"]
[Black "Vives Cabau, Jordi"]
[Result "1/2-1/2"]
[WhiteElo "1698"]
[BlackElo "1930"]
[PlyCount "111"]
[EventDate "2017.07.13"]
[EventType "swiss"]
[EventRounds "9"]
[EventCountry "ESP"]
[SourceTitle "Ajedrez en Madrid"]
[Source "lmi"]
[SourceDate "2017.07.13"]
[SourceVersion "1"]
[SourceVersionDate "2019.06.21"]
[SourceQuality "1"]

1. e4 e5 2. Nc3 Nc6 3. Nf3 Bc5 4. Na4 Be7 5. d3 d6 6. Be2 Bd7 7. Nc3 Nf6 8. Bd2
Nd4 9. Nxd4 exd4 10. Nd5 Nxd5 11. exd5 O-O 12. O-O f5 13. c4 dxc3 14. bxc3 Bg5
15. Rb1 b6 16. Bf3 Bxd2 17. Qxd2 Qf6 18. Rfe1 f4 19. Rb4 g5 20. h3 Bf5 21. Bg4
Rf7 22. Re6 Qg7 23. Bxf5 Rxf5 24. Rbe4 Rxd5 25. Re7 Qg6 26. Qe2 Rf5 27. d4 f3
28. gxf3 Raf8 29. Kg2 Qh5 30. Rg4 Qg6 31. Rge4 R8f7 32. Rxf7 Rxf7 33. Re8+ Kg7
34. Re7 a5 35. Qe6 Qxe6 36. Rxe6 b5 37. a3 Rd7 38. Kg3 h5 39. f4 gxf4+ 40. Kxf4
c5 41. dxc5 dxc5 42. Re5 b4 43. axb4 cxb4 44. Rxa5 bxc3 45. Rc5 Rd4+ 46. Kg5
Rd3 47. h4 Kf7 48. Kxh5 Ke6 49. Kg5 Kd6 50. Rc8 Ke5 51. Kg6 Rd6+ 52. Kg5 Rd5
53. Kh5 Kd4+ 54. Kg6 Rd6+ 55. Kg7 Rd7+ 56. Kg6 1/2-1/2